An Assessment of Design Process and Competency Requirement of Design Engineers in Pakistan and Development of a Framework for Improvement / (Record no. 536506)

000 -LEADER
fixed length control field 00548nam a22001457a 4500
082 ## - DEWEY DECIMAL CLASSIFICATION NUMBER
Classification number 620.005
100 ## - MAIN ENTRY--PERSONAL NAME
Personal name Abbas, Aisha
245 ## - TITLE STATEMENT
Title An Assessment of Design Process and Competency Requirement of Design Engineers in Pakistan and Development of a Framework for Improvement /
Statement of responsibility, etc. Aisha Abbas.
260 ## - PUBLICATION, DISTRIBUTION, ETC.
Place of publication, distribution, etc. Islamabad:
Name of publisher, distributor, etc. CEME - NUST,
Date of publication, distribution, etc. 2012.
300 ## - PHYSICAL DESCRIPTION
Extent 122 p. :
Other physical details ill. ;
Dimensions 30cm.
650 ## - SUBJECT ADDED ENTRY--TOPICAL TERM
Topical term or geographic name entry element Engineering Management MS-Thesis.
700 ## - ADDED ENTRY--PERSONAL NAME
Personal name Dr. Nawar Khan
942 ## - ADDED ENTRY ELEMENTS (KOHA)
Source of classification or shelving scheme
Koha item type Thesis
650 ## - SUBJECT ADDED ENTRY--TOPICAL TERM
-- 16065
700 ## - ADDED ENTRY--PERSONAL NAME
-- 18465
Holdings
Withdrawn status Lost status Source of classification or shelving scheme Damaged status Not for loan Permanent Location Current Location Shelving location Date acquired Total Checkouts Full call number Barcode Date last seen Price effective from Koha item type
          Central Library (CL) Central Library (CL) Thesis 10/16/2020   620.005 CL-T-445 10/16/2020 10/16/2020 Thesis
          Central Library (CL) Central Library (CL) Thesis 11/09/2020   620.005 CL-T-753 11/09/2020 11/09/2020 Thesis
© 2023 Central Library, National University of Sciences and Technology. All Rights Reserved.